| 000 | 00854nam a22002777a 4500 | ||
|---|---|---|---|
| 003 | DO-SdBNP | ||
| 005 | 20180221133749.0 | ||
| 008 | 171027b 2008 sp a 00| 0 spa d | ||
| 020 | _a9788466217033 | ||
| 040 |
_aBPMSU _bspa _cBPMSU |
||
| 082 | 4 | _bD759 | |
| 245 | 0 | 0 |
_aDragones y seres alados / _cilustraciones Abril Barrado ; Román Álvarez Fidalgo |
| 260 |
_aMadrid : _bLibsa, _bLexus, _c2008. |
||
| 300 |
_a6 p. : _bil. ; _c28 cm. |
||
| 490 | 1 | _aPuzzlefantásticos | |
| 500 | _aLibro de paginas de cartón duro. | ||
| 500 | _aContiene 6 puzzles de 48 piezas | ||
| 500 | _aLibro rompecabezas. | ||
| 700 | 1 |
_aBarrado, Abril _eil. |
|
| 700 | 1 |
_aÁlvarez Fidalgo, Román _eil. |
|
| 830 | 0 | _aPuzzlefantásticos | |
| 910 | _a000144 | ||
| 942 |
_2ddc _cBK |
||
| 945 | _aInventariado, 2018/MFF | ||
| 956 |
_2YLOCKWARD _310 _8BPMSU _aYngrid Lockward |
||
| 999 |
_c12708 _d12708 |
||